| 000 | 00613nam a2200253Ia 4500 | ||
|---|---|---|---|
| 001 | 16176 | ||
| 003 | GE_BSU | ||
| 008 | 181216s||||||||xx |||||||||||||| ||und|| | ||
| 020 | _a9781780983554 | ||
| 040 | _cGE_BSU | ||
| 080 | _a811.111 | ||
| 100 | _aEvans,Virginia | ||
| 245 | _aBanking. Book1.Book2.Book3 | ||
| 260 | _aNewbury | ||
| 260 | _bExpress Publishing | ||
| 260 | _c2011 | ||
| 300 | _a127p.ill.30cm. | ||
| 541 | _h27Gel.43T | ||
| 653 | _aBanking. | ||
| 653 | _aეკონომიკა | ||
| 653 | _aინგლისური ენა | ||
| 653 | _aსაბანკო | ||
| 942 | _cBK | ||
| 999 |
_c49262 _d49262 |
||